| 000 | 00413nam a2200145Ia 4500 | ||
|---|---|---|---|
| 008 | 230128s9999 xx 000 0 und d | ||
| 041 | _aeng | ||
| 082 |
_aCHA PR0442 _bCHA |
||
| 100 |
_aChavan Pooja M - 2K91025 _9118938 |
||
| 245 | _aCorporate Social Responsibility at Walchandnagar Industries Ltd. | ||
| 260 |
_c2011 _bPune University _aPune |
||
| 300 | _a111p | ||
| 502 | _cGaikwad Anand | ||
| 999 |
_c97236 _d97236 |
||